000
00355pab a2200157 454500
008
180718b2000 xxu||||| |||| 00| 0 eng d
100
_a
Gill, K.P.S.
245
_a
A leadership lacking in adequate vision
260
_c
2000
300
_a
p.8
362
_a
8 Jul
650
_a
Police - India
650
_a
Police
773
_a
Pioneer
909
_a
47138
999
_c
47138
_d
47138